[Event "Asuncion CIT op"]
[Site "Asuncion"]
[Date "2023.08.18"]
[Round "9"]
[White "Sartorio, Fernando"]
[Black "Torres Caballero, Sofia Anabela"]
[Result "1-0"]
[WhiteElo "1584"]
[BlackElo "1202"]
[PlyCount "53"]
[EventDate "2023.08.12"]
[EventType "swiss"]
[EventRounds "9"]
[EventCountry "PAR"]
[SourceTitle "CBM 215 Extra"]
[Source "ChessBase"]
[SourceDate "2023.09.30"]
[SourceVersion "1"]
[SourceVersionDate "2023.09.30"]
[SourceQuality "1"]

1. e4 c5 2. Nc3 Nc6 3. f4 d6 4. Nf3 g6 5. Bb5 Bd7 6. 0-0 Bg7 7. d3 Nf6 8. Qe1 a6 9. Bxc6 Bxc6 10. f5 0-0 11. Qh4 e6 12. fxg6 fxg6 13. Bh6 Nh5 14. Bg5 Bf6 15. Bxf6 Rxf6 16. Ne2 Kg7 17. Ng5 h6 18. Rxf6 hxg5 19. Rxg6+ Kxg6 20. Qg4 Bd7 21. Rf1 Qe7 22. Qf3 Nf6 23. e5 dxe5 24. Qxb7 Rh8 25. Ng3 Qd6 26. Rxf6+ Kg7 27. Nf5+ 1-0

[Event "Asuncion CIT op"]
[Site "Asuncion"]
[Date "2023.08.16"]
[Round "7"]
[White "Sartorio, Fernando"]
[Black "Cezar, Ricardo de Almeida"]
[Result "0-1"]
[WhiteElo "1584"]
[BlackElo "1811"]
[PlyCount "66"]
[EventDate "2023.08.12"]
[EventType "swiss"]
[EventRounds "9"]
[EventCountry "PAR"]
[SourceTitle "CBM 215 Extra"]
[Source "ChessBase"]
[SourceDate "2023.09.30"]
[SourceVersion "1"]
[SourceVersionDate "2023.09.30"]
[SourceQuality "1"]

1. d4 d5 2. Nf3 Nf6 3. Bg5 Ne4 4. Bf4 c5 5. e3 Qb6 6. b3 Nc6 7. c4 cxd4 8. exd4 Bg4 9. Be2 Qa5+ 10. Bd2 Nxd2 11. Nbxd2 Bxf3 12. Bxf3 Nxd4 13. Bxd5 e6 14. Be4 Bb4 15. h4 Rd8 16. Bd3 Qe5+ 17. Kf1 Bxd2 18. Rh3 Nc6 19. Rb1 Bh6 20. Qf3 Qf4 21. Qh5 g6 22. Qb5 Qc7 23. h5 Qb6 24. Qa4 Qb4 25. hxg6 hxg6 26. Be4 Qxa4 27. bxa4 Na5 28. Re1 Bg7 29. Rxh8+ Bxh8 30. g3 b6 31. Kg2 Bd4 32. f4 Nxc4 33. Bxg6 Ne3+ 0-1

[Event "Asuncion CIT op"]
[Site "Asuncion"]
[Date "2023.08.15"]
[Round "5"]
[White "Sartorio, Fernando"]
[Black "Soriano Quispe, Ivan Excender"]
[Result "0-1"]
[WhiteElo "1584"]
[BlackElo "2195"]
[PlyCount "78"]
[EventDate "2023.08.12"]
[EventType "swiss"]
[EventRounds "9"]
[EventCountry "PAR"]
[SourceTitle "CBM 215 Extra"]
[Source "ChessBase"]
[SourceDate "2023.09.30"]
[SourceVersion "1"]
[SourceVersionDate "2023.09.30"]
[SourceQuality "1"]

1. d4 d5 2. Nf3 e6 3. e3 Nf6 4. Bd3 c5 5. c3 Nc6 6. 0-0 Bd6 7. Nbd2 0-0 8. Qe2 e5 9. dxe5 Nxe5 10. Nxe5 Bxe5 11. f4 Bc7 12. Nf3 Re8 13. Qc2 c4 14. Bf5 Ne4 15. Bxe4 dxe4 16. Nd4 Qd5 17. b3 Bd7 18. Bb2 Rac8 19. Rad1 Bb6 20. Kh1 Qh5 21. Qf2 a5 22. Ne2 Bb5 23. Ng3 Qc5 24. Rfe1 Rcd8 25. Rd4 Qc6 26. Rxd8 Rxd8 27. Nf5 Qe6 28. Nd4 Bxd4 29. exd4 cxb3 30. axb3 Qxb3 31. Rxe4 a4 32. Qd2 a3 33. Ba1 a2 34. h3 Qb1+ 35. Re1 Re8 36. Rg1 Re2 37. Qc1 Bc6 38. Rd1 Qe4 39. Rg1 Rxg2 0-1

[Event "Villarrica op 1st"]
[Site "Villarrica"]
[Date "2021.03.01"]
[Round "6"]
[White "Pereira, Fabian"]
[Black "Sartorio, Fernando"]
[Result "1-0"]
[WhiteElo "2088"]
[BlackElo "1516"]
[PlyCount "81"]
[EventDate "2021.02.27"]
[EventType "swiss"]
[EventRounds "7"]
[EventCountry "PAR"]
[SourceTitle "EXT 2022"]
[Source "ChessBase"]
[SourceDate "2021.10.06"]
[SourceVersion "1"]
[SourceVersionDate "2021.10.06"]
[SourceQuality "1"]

1. e4 g6 2. d4 d6 3. c4 Nf6 4. Nc3 Bg7 5. f3 0-0 6. Be3 Nbd7 7. Nge2 c5 8. Qd2 cxd4 9. Nxd4 Re8 10. Be2 Nc5 11. 0-0 a6 12. Rfd1 Ne6 13. Nb3 Bd7 14. a4 Bc6 15. a5 Nd7 16. Qe1 Qc7 17. Qf2 Rac8 18. Nd4 Nxd4 19. Bxd4 Bxd4 20. Qxd4 Nc5 21. Ra3 Qb8 22. b4 Ne6 23. Qe3 Red8 24. f4 Nc7 25. b5 axb5 26. cxb5 Bd7 27. b6 Ne6 28. Nd5 Re8 29. f5 Nc5 30. Qh6 Nxe4 31. Rh3 Nf6 32. Nxf6+ exf6 33. Qxh7+ Kf8 34. Qh8+ Ke7 35. Re3+ Be6 36. Rxe6+ fxe6 37. Qg7+ Kd8 38. Qxf6+ Re7 39. fxe6 Rc5 40. Qf8+ Re8 41. Rxd6+ 1-0

[Event "PAR-ch sf"]
[Site "Asuncion"]
[Date "2020.03.08"]
[Round "5"]
[White "Sartorio, Fernando"]
[Black "Cantero, Rodolfo"]
[Result "0-1"]
[WhiteElo "1514"]
[BlackElo "2114"]
[PlyCount "62"]
[EventDate "2020.03.06"]
[EventType "swiss"]
[EventRounds "7"]
[EventCountry "PAR"]
[SourceTitle "CBM 195 Extra"]
[Source "ChessBase"]
[SourceDate "2020.05.31"]
[SourceVersion "1"]
[SourceVersionDate "2020.05.31"]
[SourceQuality "1"]

1. Nf3 d6 2. c4 c5 3. Nc3 Nc6 4. e3 e6 5. d4 cxd4 6. exd4 Nf6 7. Bd3 Be7 8. 0-0 0-0 9. b3 b6 10. Bb2 Nb4 11. Be2 Bb7 12. a3 Nc6 13. Bd3 d5 14. Qe2 Rc8 15. Rac1 Na5 16. Nd2 Qd7 17. c5 Rfe8 18. Ba6 bxc5 19. dxc5 Nc6 20. Bxb7 Qxb7 21. b4 Bxc5 22. Nf3 Nd4 23. Nxd4 Bxd4 24. Ba1 Rc4 25. Rfd1 Rec8 26. Rxd4 Rxd4 27. Re1 Rdc4 28. Na4 Re4 29. Qd2 Rc2 30. Qd1 Rxe1+ 31. Qxe1 Qa6 0-1

[Event "PAR-ch sf"]
[Site "Asuncion"]
[Date "2019.09.08"]
[Round "5"]
[White "Jodorcovsky, Paulo Leonardo"]
[Black "Sartorio, Fernando"]
[Result "1/2-1/2"]
[WhiteElo "1851"]
[BlackElo "1498"]
[PlyCount "65"]
[EventDate "2019.09.06"]
[EventType "swiss"]
[EventRounds "9"]
[EventCountry "PAR"]
[SourceTitle "EXT 2020"]
[Source "ChessBase"]
[SourceDate "2019.10.17"]
[SourceVersion "1"]
[SourceVersionDate "2019.10.17"]
[SourceQuality "1"]

1. d4 Nf6 2. c4 g6 3. Nc3 Bg7 4. e4 d6 5. f4 c6 6. Nf3 0-0 7. Bd3 Qa5 8. 0-0 e5 9. dxe5 dxe5 10. Nxe5 Nbd7 11. Nxd7 Nxd7 12. Be3 Nc5 13. Bc2 Rd8 14. Qe2 Ne6 15. e5 Nd4 16. Bxd4 Rxd4 17. Rad1 Rxd1 18. Rxd1 Be6 19. Ne4 Qxa2 20. b3 Bf8 21. Nf6+ Kg7 22. Qd2 Be7 23. Qc3 Qa3 24. f5 Qc5+ 25. Kh1 gxf5 26. Qg3+ Kh8 27. Qh4 Bxf6 28. Qxf6+ Kg8 29. Rd3 Qf2 30. Rd8+ Rxd8 31. Qxd8+ Kg7 32. Qg5+ Kf8 33. Qd8+ 1/2-1/2

[Event "PAR-ch sf"]
[Site "Asuncion"]
[Date "2019.09.08"]
[Round "4"]
[White "Sartorio, Fernando"]
[Black "Frutos Gibbons, Carlos"]
[Result "1-0"]
[WhiteElo "1498"]
[BlackElo "1182"]
[PlyCount "39"]
[EventDate "2019.09.06"]
[EventType "swiss"]
[EventRounds "9"]
[EventCountry "PAR"]
[SourceTitle "EXT 2020"]
[Source "ChessBase"]
[SourceDate "2019.10.17"]
[SourceVersion "1"]
[SourceVersionDate "2019.10.17"]
[SourceQuality "1"]

1. e4 e5 2. Nf3 Nc6 3. d4 d6 4. dxe5 dxe5 5. Qxd8+ Kxd8 6. Bb5 Bg4 7. Ng5 Nd4 8. Ba4 Nh6 9. h3 Bh5 10. c3 Nc6 11. Bxc6 bxc6 12. Nd2 Be7 13. Ngf3 Bxf3 14. Nxf3 f6 15. Bxh6 gxh6 16. 0-0-0+ Bd6 17. Nh4 Ke8 18. Nf5 Rd8 19. Nxh6 Bc5 20. Rxd8+ 1-0

[Event "Asuncion DTA op 6th"]
[Site "Asuncion"]
[Date "2019.08.04"]
[Round "6"]
[White "Benitez Irazusta, Eduardo A"]
[Black "Sartorio, Fernando"]
[Result "1-0"]
[WhiteElo "1754"]
[BlackElo "1499"]
[PlyCount "96"]
[EventDate "2019.08.01"]
[EventType "swiss"]
[EventRounds "7"]
[EventCountry "PAR"]
[SourceTitle "EXT 2020"]
[Source "ChessBase"]
[SourceDate "2019.10.17"]
[SourceVersion "1"]
[SourceVersionDate "2019.10.17"]
[SourceQuality "1"]

1. e4 c5 2. Nf3 d6 3. Bc4 Nf6 4. e5 dxe5 5. Nxe5 e6 6. 0-0 Bd6 7. d4 0-0 8. Bg5 Bxe5 9. dxe5 Qxd1 10. Rxd1 Nfd7 11. Bb5 a6 12. Bxd7 Nxd7 13. f4 Nb6 14. Be7 Re8 15. Bxc5 Nd5 16. g3 b5 17. b3 Bb7 18. c4 bxc4 19. bxc4 Rac8 20. cxd5 Rxc5 21. d6 Rc2 22. Nd2 Rec8 23. Kf1 Bd5 24. Ke1 Kf8 25. Nf1 Bxa2 26. Rd2 Bd5 27. Rxc2 Rxc2 28. Rxa6 Rc1+ 29. Kd2 Rxf1 30. Rb6 Ke8 31. Rb8+ Kd7 32. Rf8 f6 33. Rf7+ Kd8 34. Rf8+ Kd7 35. Rf7+ Kc8 36. exf6 gxf6 37. Rxh7 Rf2+ 38. Ke3 Ra2 39. h4 Ra3+ 40. Kd4 Rxg3 41. h5 Rf3 42. d7+ Kd8 43. Rf7 Rxf4+ 44. Kc5 Rc4+ 45. Kb6 Rh4 46. Kc5 Bb3 47. Rh7 f5 48. h6 f4 1-0

[Event "Asuncion DTA op 6th"]
[Site "Asuncion"]
[Date "2019.08.04"]
[Round "5"]
[White "Sartorio, Fernando"]
[Black "Miranda Fernandez, Marcos Manuel"]
[Result "1-0"]
[WhiteElo "1499"]
[BlackElo "1144"]
[PlyCount "119"]
[EventDate "2019.08.01"]
[EventType "swiss"]
[EventRounds "7"]
[EventCountry "PAR"]
[SourceTitle "EXT 2020"]
[Source "ChessBase"]
[SourceDate "2019.10.17"]
[SourceVersion "1"]
[SourceVersionDate "2019.10.17"]
[SourceQuality "1"]

1. d4 e6 2. Nf3 d5 3. c3 c6 4. Bf4 f5 5. e3 Nf6 6. Nbd2 Be7 7. Bd3 0-0 8. Qe2 Nbd7 9. h3 Ne4 10. g4 Kf7 11. gxf5 exf5 12. Ne5+ Ke8 13. Qh5+ g6 14. Qxh7 Nxe5 15. Bxe5 g5 16. Bxe4 fxe4 17. Nb3 Bf5 18. Qh5+ Kd7 19. 0-0-0 Kc8 20. h4 gxh4 21. Rdg1 a6 22. Rg7 Qe8 23. Qxe8+ Rxe8 24. Rhg1 b6 25. Rf7 Be6 26. Rh7 Ra7 27. Nd2 Rd7 28. f3 Bd8 29. Rh6 exf3 30. Nxf3 h3 31. Rgg6 Rf7 32. Bf4 Rfe7 33. Ne5 Bd7 34. Nxd7 Kxd7 35. Rd6+ Kc8 36. Rxc6+ Kb7 37. Bg5 Rf7 38. Bxd8 Rf1+ 39. Kc2 Rf2+ 40. Kb3 Rxd8 41. Rxb6+ Ka7 42. Rxa6+ Kb7 43. Rag6 h2 44. Rg3 Ka8 45. Rgh3 Rb8+ 46. Ka3 Rbxb2 47. Rh7 Rxa2+ 48. Kb4 Rfb2+ 49. Kc5 Ra5+ 50. Kd6 Ra6+ 51. Kxd5 Ra5+ 52. Ke4 Ra7 53. Rxh2 Rxh2 54. Rxh2 Re7+ 55. Kd3 Kb7 56. Rh6 Kc7 57. e4 Kd7 58. c4 Re6 59. Rxe6 Kxe6 60. c5 1-0

[Event "Asuncion DTA op 6th"]
[Site "Asuncion"]
[Date "2019.08.03"]
[Round "4"]
[White "Allo Collante, Enrique"]
[Black "Sartorio, Fernando"]
[Result "1-0"]
[WhiteElo "1623"]
[BlackElo "1499"]
[PlyCount "65"]
[EventDate "2019.08.01"]
[EventType "swiss"]
[EventRounds "7"]
[EventCountry "PAR"]
[SourceTitle "EXT 2020"]
[Source "ChessBase"]
[SourceDate "2019.10.17"]
[SourceVersion "1"]
[SourceVersionDate "2019.10.17"]
[SourceQuality "1"]

1. c4 f5 2. Nc3 Nf6 3. g3 g6 4. Bg2 Bg7 5. Nf3 0-0 6. 0-0 d6 7. d4 Nbd7 8. Ng5 Nb6 9. Qb3 c5 10. dxc5 dxc5 11. Rd1 Bd7 12. Ne6 Qc8 13. Nxf8 Kxf8 14. a4 Be6 15. Nd5 Nfxd5 16. cxd5 Bf7 17. a5 Nd7 18. Bf4 h6 19. Rac1 g5 20. Be3 b6 21. Qc2 Ne5 22. b4 c4 23. axb6 axb6 24. Bxb6 Rb8 25. Bc5 Nd7 26. Qxf5 Nxc5 27. Qxc8+ Rxc8 28. Rxc4 Be8 29. Rxc5 Rb8 30. Rb1 Bb5 31. Bf1 Bd4 32. Rxb5 Rxb5 33. e3 1-0

[Event "Asuncion Estandar op"]
[Site "Asuncion"]
[Date "2019.01.19"]
[Round "2"]
[White "Benitez, Raul Ivan"]
[Black "Sartorio, Fernando"]
[Result "1-0"]
[WhiteElo "1789"]
[BlackElo "1497"]
[PlyCount "29"]
[EventDate "2019.01.18"]
[EventType "swiss"]
[EventRounds "7"]
[EventCountry "PAR"]
[SourceTitle "CBM 188 Extra"]
[Source "ChessBase"]
[SourceDate "2019.02.26"]
[SourceVersion "1"]
[SourceVersionDate "2019.02.26"]
[SourceQuality "1"]

1. d4 Nf6 2. Bg5 e6 3. e4 Be7 4. e5 Nd5 5. Bxe7 Nxe7 6. Bd3 0-0 7. Nf3 b6 8. Bxh7+ Kxh7 9. Ng5+ Kg6 10. Qg4 Kh6 11. Qh4+ Kg6 12. Qh7+ Kxg5 13. h4+ Kg4 14. f3+ Kg3 15. Qe4 1-0

[Event "Asuncion Estandar op"]
[Site "Asuncion"]
[Date "2019.01.19"]
[Round "3"]
[White "Sartorio, Fernando"]
[Black "Frutos Moreno, Erico Nicolas"]
[Result "1-0"]
[WhiteElo "1497"]
[BlackElo "1082"]
[PlyCount "45"]
[EventDate "2019.01.18"]
[EventType "swiss"]
[EventRounds "7"]
[EventCountry "PAR"]
[SourceTitle "CBM 188 Extra"]
[Source "ChessBase"]
[SourceDate "2019.02.26"]
[SourceVersion "1"]
[SourceVersionDate "2019.02.26"]
[SourceQuality "1"]

1. d4 Nf6 2. Nf3 g6 3. c4 Bg7 4. Nc3 d6 5. e4 Bg4 6. Bd3 Nc6 7. Be3 0-0 8. 0-0 Nb4 9. Be2 Re8 10. a3 Nc6 11. Nd2 Bxe2 12. Nxe2 Qd7 13. f3 a6 14. b4 b5 15. Rc1 e5 16. d5 Ne7 17. c5 Nh5 18. Nb3 Nc8 19. c6 Qd8 20. Qd2 Qh4 21. Bg5 Bh6 22. Bxh6 Nb6 23. Bg5 1-0

[Event "Asuncion Avanza Cup"]
[Site "Asuncion"]
[Date "2018.12.08"]
[Round "2"]
[White "Sartorio, Fernando"]
[Black "Gonzalez Galeano, Victor Rodolfo"]
[Result "0-1"]
[WhiteElo "1506"]
[BlackElo "1739"]
[PlyCount "86"]
[EventDate "2018.12.07"]
[EventType "swiss"]
[EventRounds "7"]
[EventCountry "PAR"]
[SourceTitle "CBM 187 Extra"]
[Source "ChessBase"]
[SourceDate "2018.11.04"]
[SourceVersion "1"]
[SourceVersionDate "2018.11.04"]
[SourceQuality "1"]

1. d4 Nf6 2. Nf3 e6 3. Bg5 Be7 4. Nbd2 d5 5. e3 Nbd7 6. Bd3 0-0 7. 0-0 c5 8. c3 b6 9. Ne5 Nxe5 10. dxe5 Nd7 11. Bxe7 Qxe7 12. f4 f5 13. Qh5 a5 14. Rf3 Ba6 15. Bxa6 Rxa6 16. Rg3 g6 17. Nf3 Rf7 18. Qh6 Qf8 19. Rxg6+ hxg6 20. Qxg6+ Rg7 21. Qxe6+ Qf7 22. Qc6 Nf8 23. Rd1 Qd7 24. Qxd5+ Qxd5 25. Rxd5 Rd7 26. c4 Rxd5 27. cxd5 Kf7 28. Nh4 b5 29. Nxf5 b4 30. Nd6+ Ke7 31. Nc4 Nd7 32. e4 Nb6 33. d6+ Kd7 34. Ne3 c4 35. f5 a4 36. g4 b3 37. g5 c3 38. e6+ Kxd6 39. e5+ Ke7 40. g6 cxb2 41. g7 b1Q+ 42. Kf2 Ra8 43. axb3 axb3 0-1

[Event "PAR-ch sf"]
[Site "Asuncion"]
[Date "2018.08.15"]
[Round "8"]
[White "Sartorio, Fernando"]
[Black "Frutos Moreno, Erico Nicolas"]
[Result "1-0"]
[WhiteElo "1557"]
[BlackElo "1103"]
[PlyCount "23"]
[EventDate "2018.08.10"]
[EventType "swiss"]
[EventRounds "9"]
[EventCountry "PAR"]
[SourceTitle "CBM 186 Extra"]
[Source "ChessBase"]
[SourceDate "2018.08.24"]
[SourceVersion "1"]
[SourceVersionDate "2018.08.24"]
[SourceQuality "1"]

1. e4 c5 2. Nf3 Nc6 3. d4 cxd4 4. Nxd4 g6 5. Be3 Bg7 6. Nc3 d6 7. Qd2 Bd7 8. f4 Qb6 9. Nb3 Qb4 10. Bd3 Nf6 11. h3 0-0 12. a3 1-0

[Event "PAR-ch sf"]
[Site "Asuncion"]
[Date "2018.08.11"]
[Round "2"]
[White "Sartorio, Fernando"]
[Black "Amarilla Ettiene, Ezequiel"]
[Result "1-0"]
[WhiteElo "1557"]
[BlackElo "1132"]
[PlyCount "53"]
[EventDate "2018.08.10"]
[EventType "swiss"]
[EventRounds "9"]
[EventCountry "PAR"]
[SourceTitle "CBM 186 Extra"]
[Source "ChessBase"]
[SourceDate "2018.08.24"]
[SourceVersion "1"]
[SourceVersionDate "2018.08.24"]
[SourceQuality "1"]

1. Nf3 d6 2. g3 Nf6 3. Bg2 g6 4. c4 Bg7 5. d4 0-0 6. 0-0 Nc6 7. Nbd2 e5 8. d5 e4 9. Ng5 Ne7 10. Ngxe4 Nxe4 11. Nxe4 Bf5 12. Nd2 Qd7 13. Re1 Bh3 14. Bh1 c6 15. e4 f5 16. exf5 Qxf5 17. Qe2 cxd5 18. cxd5 Nxd5 19. Be4 Bg4 20. Bxf5 Bxe2 21. Be6+ Kh8 22. Bxd5 Rae8 23. Nb3 Bg4 24. Rxe8 Rxe8 25. Be3 Bxb2 26. Rb1 Ba3 27. Bd4+ 1-0

[Event "Asuncion Clasificatorio op 4th"]
[Site "Asuncion"]
[Date "2018.06.11"]
[Round "7"]
[White "Sartorio, Fernando"]
[Black "Nunez, Pablo"]
[Result "1-0"]
[WhiteElo "1552"]
[BlackElo "1364"]
[PlyCount "87"]
[EventDate "2018.06.08"]
[EventType "swiss"]
[EventRounds "7"]
[EventCountry "PAR"]
[SourceTitle "CBM 184 Extra"]
[Source "ChessBase"]
[SourceDate "2018.06.28"]
[SourceVersion "1"]
[SourceVersionDate "2018.06.28"]
[SourceQuality "1"]

1. e4 c5 2. Nf3 d6 3. d4 cxd4 4. Nxd4 Nf6 5. Nc3 g6 6. Be3 Bg7 7. f3 Nc6 8. Nb3 0-0 9. Qd2 Be6 10. g4 d5 11. exd5 Nxd5 12. Bh6 Nxc3 13. Bxg7 Qxd2+ 14. Nxd2 Kxg7 15. bxc3 Rfd8 16. h4 Rd6 17. Ne4 Rdd8 18. h5 h6 19. hxg6 fxg6 20. Bd3 Ne5 21. Ke2 b6 22. a3 Bd5 23. Rag1 Nxd3 24. cxd3 Bxe4 25. fxe4 Rac8 26. Kd2 e5 27. Rb1 Rc5 28. Rb4 Rd6 29. Rf1 b5 30. a4 a6 31. axb5 axb5 32. Rfb1 Rc4 33. Kc2 Rxb4 34. Rxb4 Re6 35. Rxb5 Kf6 36. c4 Kg5 37. d4 Kf4 38. d5 Ra6 39. c5 Kxe4 40. c6 Ra8 41. c7 Rc8 42. d6 h5 43. gxh5 gxh5 44. Rb8 1-0

[Event "Asuncion Clasificatorio op 4th"]
[Site "Asuncion"]
[Date "2018.06.10"]
[Round "5"]
[White "Sartorio, Fernando"]
[Black "Frutos Moreno, Carlos Manuel"]
[Result "1/2-1/2"]
[WhiteElo "1552"]
[BlackElo "1175"]
[PlyCount "85"]
[EventDate "2018.06.08"]
[EventType "swiss"]
[EventRounds "7"]
[EventCountry "PAR"]
[SourceTitle "CBM 184 Extra"]
[Source "ChessBase"]
[SourceDate "2018.06.28"]
[SourceVersion "1"]
[SourceVersionDate "2018.06.28"]
[SourceQuality "1"]

1. d4 d6 2. Nf3 Nf6 3. Bg5 h6 4. Bh4 Bg4 5. Bxf6 Bxf3 6. Bh4 Be4 7. f3 Bh7 8. e4 g5 9. Bg3 Bg7 10. Be2 c5 11. c3 cxd4 12. cxd4 0-0 13. 0-0 Nc6 14. Bf2 Qb6 15. d5 Nd4 16. Nc3 Nxe2+ 17. Qxe2 Qa6 18. Qd2 Qa5 19. Rfc1 f5 20. Rc2 fxe4 21. Nxe4 Qxd2 22. Rxd2 Rac8 23. Bxa7 Bxe4 24. fxe4 Rf4 25. Re2 Rc4 26. Rae1 Ra4 27. Bf2 Rxa2 28. Bg3 Rf8 29. e5 dxe5 30. Bxe5 Bxe5 31. Rxe5 Rxb2 32. Rxe7 Rd2 33. h3 Rxd5 34. Rxb7 Rdf5 35. Re6 R5f6 36. Re2 R8f7 37. Rb5 Kg7 38. Kh2 Kg6 39. Kg3 Rf4 40. Rb6+ R7f6 41. Rxf6+ Rxf6 42. Re8 Rf7 43. Ra8 1/2-1/2

[Event "Encarnacion op 3rd"]
[Site "Encarnacion"]
[Date "2018.05.14"]
[Round "6"]
[White "Sartorio, Fernando"]
[Black "Franco Pinanez, Miguel Augusto"]
[Result "0-1"]
[WhiteElo "1583"]
[BlackElo "1783"]
[PlyCount "58"]
[EventDate "2018.05.12"]
[EventType "swiss"]
[EventRounds "7"]
[EventCountry "PAR"]
[SourceTitle "CBM 184 Extra"]
[Source "ChessBase"]
[SourceDate "2018.06.28"]
[SourceVersion "1"]
[SourceVersionDate "2018.06.28"]
[SourceQuality "1"]

1. Nf3 f5 2. c4 Nf6 3. g3 g6 4. Bg2 Bg7 5. 0-0 0-0 6. Nc3 d6 7. d4 c6 8. Re1 Ne4 9. Nxe4 fxe4 10. Ng5 d5 11. c5 h6 12. Nh3 g5 13. Be3 Bf5 14. Qd2 Qd7 15. Nxg5 hxg5 16. Bxg5 Qe8 17. Rad1 Nd7 18. h4 e5 19. e3 Qe6 20. Kh2 Rf7 21. Rh1 Bg4 22. Rde1 Raf8 23. Ref1 Nf6 24. Bxf6 Rxf6 25. Kg1 exd4 26. exd4 Rf5 27. Re1 Rxf2 28. Qxf2 Rxf2 29. Kxf2 Bxd4+ 0-1

[Event "Asuncion Bobby Fischer U2000"]
[Site "Asuncion"]
[Date "2018.02.17"]
[Round "4.4"]
[White "Galeano Oviedo, Diego M"]
[Black "Sartorio, Fernando"]
[Result "0-1"]
[WhiteElo "1755"]
[BlackElo "1575"]
[PlyCount "166"]
[EventDate "2018.02.15"]
[EventType "swiss"]
[EventRounds "7"]
[EventCountry "PAR"]
[SourceTitle "EXT 2023"]
[Source "ChessBase"]
[SourceDate "2022.10.05"]
[SourceVersion "1"]
[SourceVersionDate "2022.10.05"]
[SourceQuality "1"]

1. e4 c5 2. Nc3 Nc6 3. f4 d6 4. Bb5 Bd7 5. Nf3 a6 6. Bxc6 Bxc6 7. d3 e6 8. 0-0 Be7 9. Qe1 Nf6 10. Qg3 Qb6 11. Kh1 0-0-0 12. Qxg7 Rdf8 13. Qg3 Rhg8 14. Qf2 Ng4 15. Qe2 Rg6 16. h3 Nf6 17. Kh2 Rfg8 18. Rg1 c4 19. dxc4 Qc5 20. Be3 Qh5 21. Ng5 Qh6 22. Nxf7 Qg7 23. Ng5 Nh5 24. Qxh5 Rh6 25. Qf7 Qxf7 26. Nxf7 Rhg6 27. Ng5 h6 28. Nf3 Bd7 29. Raf1 Kc7 30. Bf2 h5 31. Bh4 Bf8 32. Bg5 b5 33. cxb5 axb5 34. a3 Bc6 35. Nd4 Bb7 36. Ncxb5+ Kb6 37. Bd8+ Kc5 38. b4+ Kc4 39. Rf3 Bxe4 40. Rc3+ Kd5 41. Bg5 e5 42. Nb3 exf4 43. Nc7+ Ke5 44. h4 Be7 45. Nd2 Bxg5 46. Nf3+ Bxf3 47. gxf3 Bxh4 48. Rxg6 Rxg6 49. Rc4 Bf2 50. Re4+ Kf5 51. Nd5 Bg3+ 52. Kh3 Rg7 53. Re7 Rg8 54. c4 Ra8 55. Rf7+ Ke5 56. Rh7 h4 57. Rh5+ Kd4 58. Nc7 Rc8 59. Nb5+ Ke3 60. Nxd6 Rd8 61. Nf5+ Kxf3 62. Nxh4+ Bxh4 63. Kxh4 Rg8 64. Rh7 Kg2 65. Rd7 f3 66. Rd2+ f2 67. c5 Kf3 68. Rd1 Ke2 69. Rc1 f1Q 70. Rxf1 Kxf1 71. c6 Kf2 72. b5 Kf3 73. b6 Kf4 74. Kh5 Kf5 75. Kh4 Ke6 76. a4 Kd6 77. c7 Kc6 78. a5 Kb7 79. Kh5 Ra8 80. Kg6 Rxa5 81. Kf7 Rb5 82. Ke6 Rxb6+ 83. Kd5 Kxc7 0-1

[Event "PAR-ch sf"]
[Site "Asuncion"]
[Date "2017.08.17"]
[Round "9"]
[White "Franco Pinanez, Miguel Augusto"]
[Black "Sartorio, Fernando"]
[Result "0-1"]
[WhiteElo "1690"]
[BlackElo "1546"]
[PlyCount "48"]
[EventDate "2017.08.11"]
[EventType "swiss"]
[EventRounds "9"]
[EventCountry "PAR"]
[SourceTitle "CBM 180 Extra"]
[Source "ChessBase"]
[SourceDate "2017.10.06"]
[SourceVersion "1"]
[SourceVersionDate "2017.10.06"]
[SourceQuality "1"]

1. d4 Nf6 2. Nf3 e6 3. c4 Bb4+ 4. Nbd2 0-0 5. a3 Be7 6. e4 d6 7. Bd3 a5 8. h4 c5 9. dxc5 dxc5 10. Bc2 Nc6 11. e5 Ng4 12. Ng5 Ncxe5 13. f4 Qd4 14. Rf1 Bxg5 15. hxg5 Ne3 16. Bxh7+ Kxh7 17. Qh5+ Kg8 18. Rh1 Nd3+ 19. Ke2 Nxf4+ 20. Kf3 Nxh5 21. Rxh5 Qg4+ 22. Kxe3 Qxh5 23. Nf3 b6 24. Bd2 Bb7 0-1

[Event "PAR-ch sf"]
[Site "Asuncion"]
[Date "2017.08.16"]
[Round "8"]
[White "Sartorio, Fernando"]
[Black "Avalos, Leticia"]
[Result "1-0"]
[WhiteElo "1546"]
[BlackElo "1743"]
[PlyCount "66"]
[EventDate "2017.08.11"]
[EventType "swiss"]
[EventRounds "9"]
[EventCountry "PAR"]
[SourceTitle "CBM 180 Extra"]
[Source "ChessBase"]
[SourceDate "2017.10.06"]
[SourceVersion "1"]
[SourceVersionDate "2017.10.06"]
[SourceQuality "1"]

1. e4 e6 2. d4 d5 3. Nd2 Nf6 4. e5 Nfd7 5. f4 c5 6. c3 Nc6 7. Ndf3 a6 8. Bd3 b5 9. a3 Bb7 10. Ng5 g6 11. h4 h6 12. Nxe6 Qa5 13. Nxc5 Nxc5 14. dxc5 b4 15. Bd2 bxa3 16. Rxa3 Qxc5 17. Qe2 Qb6 18. Ra1 Na5 19. Be3 Qc7 20. Nf3 Nb3 21. Rb1 a5 22. 0-0 Bc5 23. Nd4 Qb6 24. Bb5+ Kf8 25. f5 Bxd4 26. cxd4 g5 27. hxg5 hxg5 28. Bxg5 Nxd4 29. Qe3 Qxb5 30. Qxd4 Qe2 31. e6 Rh7 32. Rbe1 Qb5 33. exf7 Rxf7 1-0

[Event "PAR-ch sf"]
[Site "Asuncion"]
[Date "2017.08.15"]
[Round "7"]
[White "Gamarra, Ramon"]
[Black "Sartorio, Fernando"]
[Result "1-0"]
[WhiteElo "1903"]
[BlackElo "1546"]
[PlyCount "57"]
[EventDate "2017.08.11"]
[EventType "swiss"]
[EventRounds "9"]
[EventCountry "PAR"]
[SourceTitle "CBM 180 Extra"]
[Source "ChessBase"]
[SourceDate "2017.10.06"]
[SourceVersion "1"]
[SourceVersionDate "2017.10.06"]
[SourceQuality "1"]

1. c4 b6 2. Nc3 Bb7 3. d4 Nf6 4. Qc2 g6 5. e4 d6 6. Nf3 Bg7 7. Be2 0-0 8. 0-0 Nbd7 9. h3 a6 10. Re1 h6 11. Bf4 Kh7 12. Rad1 Rc8 13. Bh2 Ne8 14. e5 c5 15. e6 fxe6 16. Nh4 Rf6 17. Nxg6 Rxg6 18. Bh5 Nf8 19. Rxe6 Nxe6 20. Qxg6+ Kh8 21. Qxe6 cxd4 22. Ne2 Rc5 23. Nf4 Nf6 24. Be2 Be4 25. Rxd4 Bf5 26. Qf7 e5 27. Rd1 exf4 28. Bxf4 Rc7 29. Rxd6 1-0

[Event "PAR-ch sf"]
[Site "Asuncion"]
[Date "2017.08.15"]
[Round "6"]
[White "Sartorio, Fernando"]
[Black "Carreras Colman, Luz Gabriela"]
[Result "1-0"]
[WhiteElo "1546"]
[BlackElo "1420"]
[PlyCount "38"]
[EventDate "2017.08.11"]
[EventType "swiss"]
[EventRounds "9"]
[EventCountry "PAR"]
[SourceTitle "CBM 180 Extra"]
[Source "ChessBase"]
[SourceDate "2017.10.06"]
[SourceVersion "1"]
[SourceVersionDate "2017.10.06"]
[SourceQuality "1"]

1. e4 e5 2. Ne2 g6 3. d4 Bg7 4. dxe5 Bxe5 5. f4 Bg7 6. Nbc3 d6 7. Be3 Nc6 8. Qd2 Be6 9. 0-0-0 Qd7 10. g3 Nge7 11. Bg2 0-0-0 12. Nd4 Bg4 13. Rdf1 Nxd4 14. Bxd4 Bxd4 15. Qxd4 Nc6 16. Qe3 Kb8 17. h3 Be6 18. Rd1 Qe8 19. Nd5 Qe7 1-0